History of modern philosophy from Nicolas of Cusa to the present time / (Record no. 78233)

MARC details
000 -LEADER
fixed length control field 00777nam a22002297a 4500
005 - DATE AND TIME OF LATEST TRANSACTION
control field 20130911105454.0
010 ## - LCCN (DPL NO)
LC control number ENG-108246
020 ## - INTERNATIONAL STANDARD BOOK NUMBER
International Standard Book Number 9788180642296
Terms of availability 400.00
020 ## - INTERNATIONAL STANDARD BOOK NUMBER
International Standard Book Number 8180642291
Terms of availability 400.00
035 ## - SYSTEM CONTROL NUMBER
System control number EN-91779
037 ## - SOURCE OF ACQUISITION
Source of stock number/acquisition DBAD/PUB
082 ## - DEWEY DECIMAL CLASSIFICATION NUMBER
Classification number 190
100 ## - MAIN ENTRY--PERSONAL NAME
Personal name Falckenberg, Richard
245 ## - TITLE STATEMENT
Title History of modern philosophy from Nicolas of Cusa to the present time /
Statement of responsibility, etc by Richard Falckenberg ; translated by A.C. Armstrong
260 ## - PUBLICATION, DISTRIBUTION, ETC. (IMPRINT)
Place of publication, distribution, etc Kolkata
Name of publisher, distributor, etc Progressive Publishers
Date of publication, distribution, etc 2012
270 ## - ADDRESS
Address 37A, College Street
City Kolkata
Postal code 73
300 ## - PHYSICAL DESCRIPTION
Extent 683p.
Dimensions 22cm(pbk)
500 ## - GENERAL NOTE
General note Includes bibliographical references and index
650 ## - SUBJECT ADDED ENTRY--TOPICAL TERM
Topical term or geographic name as entry element Philosophy, Modern
General subdivision History.
700 ## - ADDED ENTRY--PERSONAL NAME
Personal name Armstrong, A.C.
Dates associated with a name 1860-1935
942 ## - ADDED ENTRY ELEMENTS (KOHA)
Source of classification or shelving scheme Dewey Decimal Classification
Item type English Books
Call number suffix FAL
Classification part 190
Holdings
Withdrawn status Lost status Not for loan Collection code Home library Current library Date acquired Source of acquisition Cost, normal purchase price Full call number Barcode Copy number Cost, replacement price Koha item type
    Not For Loan Non-fiction D.B.Act.Division D.B.Act.Division 30/07/2013 DBAD/PUB 400.00 190 FAL EN-91779 1 400.00 English Books

© Delhi Public Library
Hit Counter
free hit counter